| 000 | 00961nam a2200217Ia 4500 | ||
|---|---|---|---|
| 005 | 20241129110953.0 | ||
| 008 | 241129s9999||||xx |||||||||||||| ||und|| | ||
| 020 | _a978-81-953229-3-0 | ||
| 037 | _aTB | ||
| 040 |
_aCRL _bhin _cCRL |
||
| 041 |
_ahin _2hin |
||
| 084 |
_aO15,1D40,3 152R2 _qCRL |
||
| 100 |
_aडिंडोरिया, वेद प्रकाश, ले. _9723007 |
||
| 245 | 0 |
_aमेघदूतम्: मूलपाठ , अन्वय , संजीवनी टीका , विस्तृत भूमिका एवं हिन्दी व्याख्या सहित _cडिंडोरिया, वेद प्रकाश, ले. |
|
| 260 |
_aदिल्ली, भारत _bउपासना पब्लिकेशन्स _c2022 |
||
| 300 | _a208पृ0 | ||
| 365 |
_aINR _b1250 |
||
| 650 | _aSanskrit LiteraturePoetry | ||
| 942 |
_cTB _hO15,1D40,3 152R2 |
||
| 999 |
_c1228338 _d1228338 |
||